00320nam a2200097Ia 4500008004100000020001800041100002100059245009200080260003000172300002000202180219s9999 xx 000 0 und d a9780702069895 aWatson, David G. aPharmaceutical analysis :ba textbook for pharmacy students and pharmaceutical shemists aToronto :bElsevierc2017 aviii, 461 pages